Estadísticas para Geografía en el Mapa Mundial por Letra - D

Haz click aquí para intentar la prueba.

Estadísticas generales

  • Esta prueba ha sido intentada 1.192 veces
  • La puntuación promedio es 9 de 20

Respuestas en el mapa

Las respuestas están codificadas por una escala verde-roja en el mapa de la prueba según el % correcto abajo.
 

Estadísticas de respuestas

Respuesta% Correcto
Dublín
93%
Dinamarca
88%
Danubio
76%
Dominica
74%
Dakar
65%
Dubái
65%
Denver
62%
Delaware
60%
Dakota del Sur
58%
Darwin
32%
Dniéper
32%
Dalmacia
30%
Durango
30%
Dardanelos
27%
Denali
26%
Darfur
23%
Dalian
17%
Devon
13%
Drakensberg
13%
Meseta del {Decán}
10%

Distribución de puntuación

Porcentaje por número respondido

Porcentaje de gente con cada puntuación

Historial de tus puntuaciones

No has intentado esta prueba.